000 01127nam a2200277 i 4500
001 106537
003 ES-MaACL
005 20250811101604.0
007 t|
008 061129s1976 sp ||||1| spa d
080 _a75 Galicia, Francisco (083.82)
100 1 _aGalicia, Francisco.
_953409
245 1 0 _aFrancisco Galicia 1895-1976
_b: [exposición, Sala de Santa Catalina del Ateneo de Madrid, mayo de 1976] /
_c[textos: Fernando Chueca, Francisco Galicia].
260 _aMadrid :
_bAteneo de Madrid,
_c1976.
300 _a[12] p. :
_bil. ;
_c25 cm.
490 1 _aAteneo de Madrid. Sala de Santa Catalina ;
_v16
600 1 4 _aGalicia, Francisco-
_vExposiciones.
_953410
610 2 7 _aAteneo de Madrid-
_vExposiciones-
_y1970-1979.
_91921
655 7 _2tgfbne
_9193628
_aCatálogos de exposiciones
700 1 _aChueca Goitia, Fernando,
_d1911-2004
_938688
710 2 _aAteneo de Madrid.
_bSala de Santa Catalina.
_91964
830 0 0 _aAteneo de Madrid.
_pSala de Santa Catalina
_v16
_9185232
852 _aES-MaACL
_j2209-F-36
_9110586
_bR.138283
_cDEPOF
942 _2udc
_cFOLLETOS
999 _c106537
_d106537